000 00794nam a2200205 a 4500
001 001139541
003 AM-YEHGA
005 20260409105029.0
008 160404s1895 ru ab|||r|||||000|0|rus|d
040 _aAM-YEHGA
_cAM-YEHGA
041 1 _arus
_hger
100 1 _aКуглер, Бернгард фон,
_d1837-1898
245 1 0 _aИстория крестовых походов :
_bПер. с нем. /
_cБернгард Куглер.
260 _aСанкт-Петербург :
_bЛ.Ф. Пантелеев,
_c1895.
300 _a[2], VIII, 459 с., 1 л. карт. :
_bкарт., ил. ;
_c23.
500 _aПосвящено Генриху Зибелю
504 _aБиблиогр. в примеч..
650 1 4 _aКрестовые походы
_xИстория
942 _2udc
_cBK
999 _c538884
_d538884